000 00484nam a22001817a 4500
003 NUST - PNEC
005 20170116181134.0
008 151007b xxu||||| |||| 00| 0 eng d
020 _a8185814740
040 _cLIBRARY
082 _a658.404 LYE
100 _914189
_aIyer, Parameshwar P.
245 _aEngineering project management : with case studies
_cParameshwar P. Iyer
250 _a-
260 _cc.1996
650 _914192
_aProject management
_xME
942 _2ddc
_cBK
999 _c70158
_d70158